| 000 | 01856nam a2200445 i 4500 | ||
|---|---|---|---|
| 001 | 000043474 | ||
| 003 | DO-SdBNP | ||
| 005 | 20251209140000.0 | ||
| 006 | a||||gr|||| 00| 0 | ||
| 007 | ta | ||
| 008 | 140319e2013 dr aoc 000 e spa d | ||
| 020 | _a9789945074963 | ||
| 040 |
_aDO-SdBNP _bspa _cBNPHU _erda |
||
| 041 | _aspa | ||
| 082 | 4 |
_aRD863.4409 _bV443L _222 |
|
| 100 | 1 |
_aZaldívar Zaldívar, Teresa, _d1969- _eautor _4aut. _971166 |
|
| 245 | 1 | 0 |
_aLiteratura y arqueología a través de La mosca soldado de Marcio Veloz Maggiolo / _cTeresa Zaldívar Zaldívar ; edición y corrección : Juana Haché Mota ; prólogo, Jorge Ulloa Hung. |
| 250 | _aPrimera edición | ||
| 264 | 4 |
_aSanto Domingo, República Dominicana : _bArchivo General de la Nación, _c©2013 |
|
| 300 |
_a166 páginas : _bIlustraciones, fotografía, retratos ; _c23 cm |
||
| 336 |
_atexto _btxt _2rdacontent |
||
| 337 |
_asin medición _bn _2rdamedia |
||
| 338 |
_avolumen _2rdacarrier _bnc |
||
| 490 |
_aArchivo General de la Nación ; _v198 |
||
| 500 | _aIncluye datos biográficos de la autora en las solapas de las cubiertas. | ||
| 500 | _aIncluye índice onomástico. | ||
| 500 | _aIncluye referencias bibliográficas y notas al pie de las paginas | ||
| 504 | _aBibliografía: páginas, 139 - 150 | ||
| 590 | _aInventariado 2023 / MF | ||
| 600 | 1 | 0 |
_aVeloz Maggiolo, Marcio, _d1936-2021 _tLa Mosca Soldado, _xCrítica e interpretación _91104 |
| 650 | 4 |
_aNovela dominicana _xHistoria y crítica _92210 |
|
| 650 | 4 |
_aAutores dominicanos _xCrítica e interpretación _9158 |
|
| 650 | 0 |
_aLiteratura dominicana. _967 |
|
| 650 | 4 |
_aEnsayos cubanos _95691 |
|
| 650 | 4 |
_aLiteratura cubana _91483 |
|
| 700 | 1 |
_aHaché Mota, Juana, _929752 _eeditor _4ed. |
|
| 700 | 1 |
_aJorge Ulloa Hung _eprólogo _983786 |
|
| 910 | _aValidado. Control de calidad EMS | ||
| 942 |
_2ddc _cLBS1 |
||
| 999 |
_c42963 _d42963 |
||